أثر سياسات البنك الدولي على التنمية الاقتصادية و السياسية / (رقم التسجيلة. 115683)

تفاصيل مارك
000 -LEADER
fixed length control field 00686nam a22001937a 4500
005 - DATE AND TIME OF LATEST TRANSACTION
control field 20251108174708.0
008 - FIXED-LENGTH DATA ELEMENTS--GENERAL INFORMATION
fixed length control field 250721s2009 xx 000 0 ara d
082 14 - DEWEY DECIMAL CLASSIFICATION NUMBER
Classification number 332.15/قبل
100 1# - MAIN ENTRY--PERSONAL NAME
Personal name قبلان، بشار محمود
245 10 - TITLE STATEMENT
Title أثر سياسات البنك الدولي على التنمية الاقتصادية و السياسية /
264 1# - PRODUCTION, PUBLICATION, DISTRIBUTION, MANUFACTURE, AND COPYRIGHT NOTICE
Place of production, publication, distribution, manufacture عمان :
Name of producer, publisher, distributor, manufacturer عماد الدين للنشر و التوزيع،
Date of production, publication, distribution, manufacture, or copyright notice 2009.
300 ## - PHYSICAL DESCRIPTION
Extent 171ص.
650 17 - SUBJECT ADDED ENTRY--TOPICAL TERM
Topical term or geographic name as entry element البنك الدولي
650 17 - SUBJECT ADDED ENTRY--TOPICAL TERM
Topical term or geographic name as entry element التنميه الاقتصاديه
650 17 - SUBJECT ADDED ENTRY--TOPICAL TERM
Topical term or geographic name as entry element التنميه السياسيه
650 17 - SUBJECT ADDED ENTRY--TOPICAL TERM
Topical term or geographic name as entry element الاقتصاد المالي
942 ## - ADDED ENTRY ELEMENTS (KOHA)
Source of classification or shelving scheme Dewey Decimal Classification
Koha item type كتب
المقتنيات
حالة السحب حالة الفقدان مصدر التصنيف حالة التلف غير قابل للإعارة المكتبة الرئيسية المكتبة الحالية موقع الرف تاريخ التزويد الرقم المتسلسل Total Checkouts رقم الإستدعاء الباركود تاريخ آخر ظهور تاريخ الفاتورة نوع المادة (كوها)
    Dewey Decimal Classification     المكتبة المركزية المكتبة المركزية الإعارة 28/07/2025 1249912   332.15/قبل PLD00064848 28/07/2025 28/07/2025 كتب
    Dewey Decimal Classification     مكتبة أبو علندا العامة مكتبة أبو علندا العامة الإعارة 14/01/2009 1249928   332.15/قبل PLD00065448 28/07/2025 14/01/2009 كتب
    Dewey Decimal Classification     مكتبة أم قصير والمقابلين العامة مكتبة أم قصير والمقابلين العامة الإعارة 14/01/2009 1249918   332.15/قبل PLD00065438 28/07/2025 14/01/2009 كتب
    Dewey Decimal Classification     مكتبة الأميرة ايمان العامة مكتبة الأميرة ايمان العامة الإعارة 14/01/2009 1249930   332.15/قبل PLD00065450 28/07/2025 14/01/2009 كتب
    Dewey Decimal Classification     مكتبة الاميرة بديعة مكتبة الاميرة بديعة الإعارة 14/01/2009 1249931   332.15/قبل PLD00065451 28/07/2025 14/01/2009 كتب
    Dewey Decimal Classification     مكتبة النصر العامة مكتبة النصر العامة الإعارة 14/01/2009 1249915   332.15/قبل PLD00065435 28/07/2025 14/01/2009 كتب
    Dewey Decimal Classification     مكتبة حمزة العامة مكتبة حمزة العامة الإعارة 14/01/2009 1249921   332.15/قبل PLD00065441 28/07/2025 14/01/2009 كتب
    Dewey Decimal Classification     مكتبة صويلح العامة مكتبة صويلح العامة الإعارة 14/01/2009 1249922   332.15/قبل PLD00065442 28/07/2025 14/01/2009 كتب
    Dewey Decimal Classification     مكتبة وادي السير العامة مكتبة وادي السير العامة الإعارة 14/01/2009 1249926   332.15/قبل PLD00065446 28/07/2025 14/01/2009 كتب
    Dewey Decimal Classification     مكتبةمؤتة مكتبةمؤتة الإعارة 30/03/2011 1428603   332.15/قبل PLD00199038 28/07/2025 30/03/2011 كتب
Implemented & Customized by: BBB with SCIT (Smart Chains for Information Technology)

Powered by Koha